Turisme a prop de Barcelona : ... ...
Descripción Física:
127 p. : il. col. fot. ; 22 cm
Materias:
Turisme -- Barcelona (Província)
MARC
| LEADER | 00000nam a2200000Ia 4500 | ||
|---|---|---|---|
| 001 | 19398, 19031, 21849 | ||
| 008 | 160829s2007 xx 000 0 cat d | ||
| 080 | |a M-5-404, M-5-409, M-6-254 | ||
| 245 | |a Turisme a prop de Barcelona : |b ... | ||
| 260 | |a [Barcelona] : |b Oficina de Promoció Turística de la Diputació de Barcelona, |c 2007 | ||
| 300 | |a 127 p. : |b il. col. fot. ; |c 22 cm | ||
| 590 | |a A la coberta: Rutes, sortides, propostes, informació turística, agenda. | ||
| 590 | |a Índex | ||
| 650 | 0 | |a Turisme |z Barcelona (Província) |9 32796 | |
| 710 | 1 | |a Barcelona (Catalunya : Província). |b Oficina de Promoció Turística |9 51402 | |
| 710 | 1 | |a Barcelona (Catalunya : Província). |b Diputació |9 52408 | |
| 866 | |a 2006, 2007, 2008 | ||
| 901 | |a Arxiu | ||
| 942 | |n 1 | ||
| 952 | |0 0 |1 0 |4 0 |6 M5404_M5409_M6254 |7 1 |9 52943 |a Arxiu |b Arxiu |d 2016-12-01 |l 0 |o M-5-404, M-5-409, M-6-254 |p 19398, 19031, 21849 |r 2016-12-01 00:00:00 |w 2016-12-01 |y ARXIU | ||
| 999 | |c 56792 |d 56792 | ||